006880000a220012100045001000021000002450049000213000046000705200319001167730016004359420008004519520090004599990017005491 aZewdie, Negussie10aLos practicantes de defensoría de derechos aVol.0, núm.66 (Mayo, 2006), Página 11 aMuchas personas que sufren injusticias se sienten incapaces de ponerse en acción. El departamento de defensoría de derechos en la Iglesia Kale Heywet de Etiopía ha estado capacitando a los líderes de la iglesia como practicantes de defensoría de derechos para apoyar a la gente cuando sufre injusticias.0 tPaso a Paso cANA 001040708HEMaFUSBCbFUSBCd2016-01-26l0o r2016-01-26 00:00:00w2016-01-26yANA c61520d61520